| 000 | 01182nam a2200289 4500 | ||
|---|---|---|---|
| 001 | 114360 | ||
| 003 | DR-UNIBE | ||
| 005 | 20260409062736.0 | ||
| 008 | 260130b2006 dr ||||| |||| 00| 0 spa d | ||
| 020 | _a9789945140217 | ||
| 040 |
_aBIBLIOTECA UNIBE _bspa _cBIBLIOTECA UNIBE _erda |
||
| 041 | _aspa | ||
| 082 | _aRD 923.1 B171me | ||
| 245 | 1 | 0 |
_aJoaquín Balaguer : _bmemorias de su Centenario |
| 250 | _aPrimera edición | ||
| 260 |
_aSanto Domingo : _bEditora Corripio, _c2006 |
||
| 300 |
_a335 páginas : _bfotos a color ; _c22 x 15 cm |
||
| 500 | _aInformación sobre Joaquín Balaguer en las solapas | ||
| 505 | _aMarzo | Mayo | Junio | Julio | Agosto | Septiembre | Octubre | ||
| 600 | 0 |
_aBalaguer, Joaquín, _q(Balaguer Ricardo, Joaquín Antonio) _d1906-2002 _xMemorias e informes _916487 |
|
| 700 | 1 | 0 |
_aDomínguez Novas, Juan Francisco _9127336 _ecomposición |
| 700 | 1 | 0 |
_aBlanco Díaz, Andrés, _d1954- _9144547 _ecorrector |
| 700 | 1 | 0 |
_aFajardo Tejada, Pura _9201970 _ediseñador _eprogramador _earte final |
| 700 | 1 | 0 |
_aDíaz Carrero, Rubén, _d1971-2009 _9144910 _ediseñador de portada |
| 700 | 1 | 0 |
_aBatista, Paula _ecorrector de pruebas _9201922 |
| 942 |
_2ddc _cBK |
||
| 999 |
_c114360 _d114360 |
||